Código de Derecho Internacional Privado: edición oficial, aprobada por Decreto Nº 906, de 24 de julio de 2006, del Ministerio de Justicia

Αποθηκεύτηκε σε:
Λεπτομέρειες βιβλιογραφικής εγγραφής
Συγγραφή απο Οργανισμό/Αρχή: Chile
Μορφή: Βιβλίο
Γλώσσα:Ισπανικά
Έκδοση: Santiago, Chile: Jurídica, 2011
Έκδοση:Undécima Edición.
Θέματα:
Ετικέτες: Προσθήκη ετικέτας
Δεν υπάρχουν, Καταχωρήστε ετικέτα πρώτοι!

MARC

LEADER 00000cam a2200000 a 4500
001 UCG7917
003 CL-VaPUC
005 20250124141325.0
008 111021e20110400CL |||||||||||||||||spa|d
999 |c 345605  |d 345603 
020 |a 9789561021204 
040 |c Pontificia Universidad Católica de Valparaíso 
082 0 4 |a 340.9 CHI 2011  |2 21 
110 1 |a Chile  |9 890760 
245 1 0 |a Código de Derecho Internacional Privado: edición oficial, aprobada por Decreto Nº 906, de 24 de julio de 2006, del Ministerio de Justicia 
250 |a Undécima Edición.  |b Actualizada al 6 de abril de 2011. 
260 |a Santiago, Chile:  |b Jurídica,  |c 2011 
300 |a 605 páginas. 
505 |a -Decreto Supremo de Promulgación de la Convención y Código de Derecho Internacional Privado. -Título Preliminar. -Libro Primero. Derecho Civil Internacional. -Libro Segundo. Derecho Mercantil Internacional. -Libro Tercero. Derecho Penal Internacional. -Libro Cuarto. Derecho Procesal Internacional. Apéndice: Textos relativos al arbitraje comercial internacional. -Ley N.º 19.971 sobre arbitraje comercial internacional. -Convención sobre reconocimiento y la ejecución de las sentencias arbitrales extranjeras. -Convención interamericana sobre arbitraje comercial internacional. Textos relativos a procedimiento. -Convención interamericana sobre recepción de pruebas en el extranjero. -Convención interamericana sobre régimen legal de poderes para ser utilizados en el extranjero. -Convención interamericana sobre exhortos o cartas rogatorias. -Convención interamericana sobre prueba e información acerca del derecho extranjero. Textos relativos a instrumentos mercantiles. -Convención interamericana sobre conflictos de leyes en materia de cheques. -Convención interamericana sobre conflicto de leyes en materia de letras de cambio, pagarés y facturas. Textos relativos a contratos y sociedades. -Decreto Ley N.º 2.349. Establece normas sobre contratos internacionales para el sector público. -Convención de las Naciones Unidas sobre los Contratos de Compraventa Internacional de Mercaderías. -Nota sobre el Convenio de las Naciones Unidas sobre el Transporte Marítimo de Mercancías, 1978. Textos relativos a inversiones extranjeras -Convenio sobre arreglo de diferencias relativas a inversiones entre Estados y nacionales de otros Estados. -Nota relativa a los acuerdos de promoción y protección de inversiones suscritos por Chile. -Decreto con Fuerza de Ley N.º 523. Fija texto refundido, coordinado y sistematizado del Decreto Ley N.º 600, de 1974, Estatuto de la Inversión Extranjera. Textos relativos a comercio internacional. -Nota sobre el Acuerdo de Asociación entre la Comunidad Europea y Chile. -Nota sobre el Tratado de Libre Comercio entre Chile y los Estados Unidos de América. -Nota relativa a otros acuerdos de libre comercio de que Chile es parte y la Organización Mundial de Comercio. Textos relativos a funciones e inmunidades diplomáticas y consulares. -Convención de Viena sobre Relaciones Diplomáticas. (Artículos seleccionados) -Convención de Viena sobre Relaciones Consulares. (Artículos seleccionados) -Reglamento Consular. Decreto Supremo N.º 172 del Ministerio de Relaciones Exteriores (Artículos seleccionados) -Convención sobre las Misiones Especiales (Artículos seleccionados) Textos relativos a menores. -Convención sobre los Derechos del Niño. -Convención sobre los aspectos civiles del secuestro internacional de niños. -Convención interamericana sobre conflictos de leyes en materia de adopción de menores. -Convención sobre protección del niño y cooperación en materia de adopción internacional. Textos relativos a prevención y castigo de delitos. -Convención sobre la prevención y el castigo de delitos contra personas internacionalmente protegidas, inclusive los Agentes Diplomáticos. -Convenio sobre traslado de personas condenadas. -Convención interamericana contra la corrupción. Textos relativos a la Convención de las Naciones Unidas sobre el Derecho del Mar en cuanto a disposiciones de interés para las actividades de particulares y la solución de controversias. -Notas sobre la Convención de las Naciones Unidas sobre el Derecho del Mar. Textos relativos a la codificación internacional. -Convención de Viena sobre Derecho de los Tratados. -Instituto Internacional para la Unificación del Derecho Privado (UNIDROIT). -Estatuto de la Conferencia de La Haya de Derecho Internacional Privado. 
583 |a last modification  |c 20111021 10:47:00  |k Rodrigo Vera 
650 0 |a Derecho internacional privado  |9 256361  |x Código  |z Chile 
650 0 |a Derecho mercantil chileno  |9 890680 
650 0 |a Derecho procesal penal  |9 255496  |z Chile 
650 0 |a Responsabilidad civil  |9 895710 
942 |c BK  |2 ddc 
945 |d 20111021 00:00:00  |a dcastane 
952 |0 0  |1 0  |4 0  |6 340_900000000000000_CHI_2011  |7 0  |8 R  |9 444527  |a BIBDER  |b BIBDER  |d 2019-11-22  |i 4792327  |o 340.9 CHI 2011  |p 4792327  |r 2023-01-25  |w 2019-11-22  |y BK_R  |k DER 
952 |0 0  |1 0  |4 0  |6 340_900000000000000_CHI_2011  |7 0  |8 R  |9 444528  |a BIBDER  |b BIBDER  |d 2019-11-22  |i 4792335  |o 340.9 CHI 2011  |p 4792335  |r 2023-01-25  |w 2019-11-22  |y BK_R  |k DER 
952 |0 0  |1 0  |4 0  |6 340_900000000000000_CHI_2011  |7 0  |8 R  |9 444529  |a BIBDER  |b BIBDER  |d 2019-11-22  |i 4792343  |o 340.9 CHI 2011  |p 4792343  |r 2023-01-25  |w 2019-11-22  |y BK_R  |k DER